Music Quiz

Random Music or Kpop Quiz

Can You Tell A.C.E Members Apart? Quiz Stats

 Plays Quiz not verified by Sporcle

Support Sporcle.
Go Orange.
Score 0/5 Timer 05:00
0 Plays Today
% Correct
Jason
90%
Donghun
88.2%
Wow
88.2%
Jun
87.6%
Chan
86.7%

You're not logged in!

Compare scores with friends on all Sporcle quizzes.
OR
Log In

From the Vault

Missing 'H' Acronyms

by MrChewypoo

Can you figure out what the 'H' is missing here?
Remove Ads.
Support Sporcle.
Get the best of Sporcle when you Go Orange. This ad-free experience offers more features, more stats, and more fun while also helping to support Sporcle. Thank you for becoming a member.

Show Comments

Extras

Created Nov 25, 2017ReportNominate
Tags:Kpop Quiz, Ace, Kpop Idol, Kpop Quiz

Top Quizzes Today


Score Distribution

Your Account Isn't Verified!

In order to create a playlist on Sporcle, you need to verify the email address you used during registration. Go to your Sporcle Settings to finish the process.

Report this User

Report this user for behavior that violates our Community Guidelines.

Details: